| 000 | 00499nam a22001817a 4500 | ||
|---|---|---|---|
| 003 | CEME | ||
| 005 | 20210628205658.0 | ||
| 008 | 210312b xxu||||| |||| 00| 0 eng d | ||
| 020 | _a981-02-0626-7 | ||
| 040 | _c. | ||
| 082 | _a530.141 PRO | ||
| 100 |
_aYung-Kuo, Lim _976622 |
||
| 245 | _aProblems and solutions on electromagnetism | ||
| 260 |
_aSINGAPORE _bWORLD SIECTIFIC _c1998 |
||
| 300 | _a665P | ||
| 650 |
_aELECTROMAGNETISM ELECTROSTATICS ELECTROMAGNETIC WAVES _976623 |
||
| 942 |
_cBK _2ddc |
||
| 999 |
_c581969 _d581969 |
||